Statistics for Soccer (Football) Teams With Most National League Titles by Country

Click here to take the quiz!

General Stats

  • This quiz has been taken 390 times
    (140 since last reset)
  • The average score is 17 of 38

Answer Stats

# of Titles Country Team % Correct
33SpainReal Madrid
92%
35ItalyJuventus
91%
54ScotlandRangers
89%
34NetherlandsAjax
88%
20EnglandManchester United
87%
29GermanyBayern Munich
86%
37PortugalBenfica
82%
34BelgiumAnderlecht
74%
22TurkeyGalatasaray
65%
29SerbiaRed Star Belgrade
62%
20CroatiaDinamo Zagreb
59%
44GreeceOlympiacos
58%
20SwedenMalmö FF
57%
10FranceMarseille
54%
33Czech RepublicSparta Prague
52%
15UkraineDynamo Kyiv
52%
22RussiaSpartak Moscow
51%
26RomaniaSteaua București
48%
28CyprusAPOEL
47%
31BulgariaCSKA Sofia
44%
26NorwayRosenborg
39%
29FinlandHJK
36%
10FranceSaint-Étienne
32%
27SwitzerlandGrasshopper
31%
22IsraelMaccabi Tel Aviv
28%
30HungaryFerencváros
28%
15SloveniaNK Maribor
27%
41EgyptAl Ahly
25%
17IrelandShamrock Rovers
22%
53Northern IrelandLinfield
20%
10BrazilPalmeiras
20%
15Saudi ArabiaAl-Hilal
19%
13WalesThe New Saints
16%
9SlovakiaSlovan Bratislava
15%
17Congo DRTP Mazembe
12%
20MoroccoWydad Casablanca
11%
9South AfricaMamelodi Sundowns
6%
7San MarinoTre Fiori
3%

Score Distribution

Percentile by Number Answered

Percent of People with Each Score

Your Score History

You have not taken this quiz since the last reset